000
00245nam a22001097a 4500
999
_c
4826
_d
4826
008
250325b ||||| |||| 00| 0 eng d
020
_a
2601100099468
082
_a
823.92 WON
245
_a
THE GREEDY OCTOPUS
260
_b
WONDERKIDS
942
_2
ddc